000 004810000a22001930004500
001 003435
003 MACL
005 20150710143541.0
008 150710b xxu||||| |||| 00| 0 eng d
040 _aMACL
_cMACL
041 _aEnglish
082 _a320JOS
100 _aJoshi, Divya
_91356
245 _aGanghiji On Villages
_cDivya Joshi
260 _aMumbai
_c2002
_bMani Bhavan Gandhi Sangrahalaya,
350 _a30
650 _aPolitical Science
_988
942 _k320
_cBK
_2ddc
999 _c15336
_d15336